Loading...
| Religion | 0 | 7 | 0 | 3 | 70 | 73 | 106.71 | 1 | 3 | 0.00 | 0.00 |
| History - Other | 0 | 7 | 0 | 1 | 70 | 83 | 112.71 | 0 | 3 | 0.00 | 0.00 |
| History - American | 0 | 7 | 0 | 0 | 70 | 74 | 90.43 | 2 | 6 | 0.00 | 0.00 |
| History - World | 0 | 7 | 2 | 0 | 60 | 45 | 77.71 | 2 | 4 | 0.00 | 0.00 |
| Fine Arts - Painting & Sculpture | 0 | 6 | 1 | 2 | 55 | 120 | 131.33 | 0 | 4 | 0.00 | 0.00 |
| Literature - World | 0 | 6 | 1 | 1 | 55 | 88 | 114.33 | 1 | 3 | 0.00 | 0.00 |
| Other | 0 | 6 | 1 | 2 | 55 | 59 | 92.17 | 1 | 4 | 0.00 | 0.00 |
| Mythology | 0 | 5 | 0 | 1 | 50 | 98 | 129.60 | 1 | 2 | 0.00 | 0.00 |
| Social Science | 0 | 5 | 1 | 1 | 45 | 76 | 103.20 | 1 | 3 | 0.00 | 0.00 |
| Fine Arts - Other | 0 | 5 | 1 | 1 | 45 | 23 | 104.80 | 1 | 4 | 0.00 | 0.00 |
| History - European | 0 | 5 | 1 | 1 | 45 | 66 | 88.80 | 2 | 4 | 0.00 | 0.00 |
| Literature - American | 0 | 4 | 0 | 1 | 40 | 100 | 115.25 | 0 | 2 | 0.00 | 0.00 |
| Fine Arts - Classical Music | 0 | 4 | 0 | 0 | 40 | 115 | 118.00 | 1 | 3 | 0.00 | 0.00 |
| Literature - British | 0 | 3 | 1 | 1 | 25 | 104 | 120.00 | 0 | 1 | 0.00 | 0.00 |
| Literature - European | 0 | 2 | 1 | 0 | 15 | 98 | 113.00 | 0 | 1 | 0.00 | 0.00 |
| Science - Biology | 0 | 1 | 0 | 0 | 10 | 100 | 100.00 | 0 | 0 | 0.00 | 0.00 |
| Philosophy | 0 | 2 | 3 | 0 | 5 | 109 | 123.00 | 0 | 1 | 0.00 | 0.00 |
| Science - Chemistry | 0 | 0 | 0 | 0 | 0 | 0.00 | 0 | 0 | 0.00 | 0.00 | |
| Science - Other | 0 | 0 | 0 | 0 | 0 | 0.00 | 0 | 0 | 0.00 | 0.00 | |
| Science - Physics | 0 | 0 | 0 | 0 | 0 | 0.00 | 0 | 0 | 0.00 | 0.00 |